España sagrada. (Record no. 174612)

MARC details
000 -LEADER
campo de control de longitud fija 01037nam a2200265 4500
001 - NÚMERO DE CONTROL
campo de control 174612
003 - IDENTIFICADOR DE NÚMERO DE CONTROL
campo de control ES-MaACL
005 - FECHA Y HORA DE LA ÚLTIMA TRANSACCIÓN
campo de control 20250709063234.0
008 - DATOS DE LONGITUD FIJA--INFORMACIÓN GENERAL
campo de control de longitud fija 100511s1826 sp p |||| | spa d
080 ## - NÚMERO DE LA CLASIFICACIÓN DECIMAL UNIVERSAL
Número de la Clasificación Decimal Universal 27(460)
100 1# - ENTRADA PRINCIPAL--NOMBRE DE PERSONA
Nombre de persona Flórez, Enrique,
Fechas asociadas al nombre 1702-1773
9 (RLIN) 142679
240 10 - TÍTULO UNIFORME
Título uniforme España sagrada
245 10 - MENCIÓN DEL TÍTULO
Título España sagrada.
Número de parte o sección de la obra Tomo XLIV,
Nombre de parte o sección de la obra Tratado LXXXII de la Santa Iglesia de Gerona en su estado moderno /
Mención de responsabilidad, etc. por Antolin Merino y José de la Canal.
260 ## - PUBLICACIÓN, DISTRIBUCIÓN, ETC.
Lugar de publicación, distribución, etc. Madrid :
Nombre del editor, distribuidor, etc. en la imprenta de Don José del Collado,
Fecha de publicación, distribución, etc. 1826.
300 ## - DESCRIPCIÓN FÍSICA
Extensión XX, 416 p. ;
Dimensiones 20 cm.
504 ## - NOTA DE BIBLIOGRAFÍA, ETC.
Nota de bibliografía, etc. Apéndices, p. 259-344.
504 ## - NOTA DE BIBLIOGRAFÍA, ETC.
Nota de bibliografía, etc. Índice de cosas notables del tomo, p. 409-416.
530 ## - NOTA DISPONIBLE DE FORMULARIO FÍSICO ADICIONAL
Nota de formato físico adicional disponible Disponible en formato digital.
546 ## - NOTA DE IDIOMA
Nota de lengua/lenguaje textos en latín, p. 259-409.
700 1# - ENTRADA AGREGADA--NOMBRE PERSONAL
Nombre de persona Merino, Antolín.
9 (RLIN) 142795
700 1# - ENTRADA AGREGADA--NOMBRE PERSONAL
Nombre de persona Canal, José de la.
9 (RLIN) 142796
852 4# - LOCALIZACIÓN
Ubicación ES-MaACL
Número de control de estantería R-1617-69
Encuadernación C-16767-818
856 ## - LOCALIZACIÓN Y ACCESO ELECTRÓNICOS
Identificador Uniforme de Recursos <a href="https://archive.org/details/espaasagradathe36palegoog/page/n7 ">https://archive.org/details/espaasagradathe36palegoog/page/n7 </a>
Nota pública Internet Archive
Holdings
Estatus retirado Estado de pérdida Estado de daño No para préstamo Colección Biblioteca de origen Biblioteca actual Ubicación en estantería Fecha de adquisición Fuente de adquisición Total de préstamos Signatura topográfica completa Código de barras Visto por última vez Precio de reemplazo Tipo de ítem Koha
        Colección digital Biblioteca del Ateneo de Madrid Biblioteca del Ateneo de Madrid Depósito 11/05/2010     R-1660 1183307 23/02/2023 23/02/2023 Libro impreso antiguo